|
|
|
|
| LEADER |
01089cam a2200289 a 4500 |
| 001 |
AAL8715 |
| 003 |
BD-DhAAL |
| 005 |
20160718142936.0 |
| 008 |
160717s1996 nyu 000 1 eng |
| 010 |
|
|
|a 96003401
|
| 020 |
|
|
|a 0679401431
|
| 020 |
|
|
|a 034612214
|
| 040 |
|
|
|a DLC
|c DLC
|d MYG
|d BD-DhAAL
|
| 050 |
0 |
0 |
|a PS3566.U9
|b L3 1996b
|
| 082 |
0 |
0 |
|a 813/.54
|2 20
|
| 100 |
1 |
|
|a Puzo, Mario,
|d 1920-1999.
|9 19991
|
| 245 |
1 |
4 |
|a The last don /
|c Mario Puzo.
|
| 250 |
|
|
|a 1st ed.
|
| 260 |
|
|
|a New York :
|b Ballantine Books,
|b Random House,
|c c1996.
|
| 300 |
|
|
|a 498 p. ;
|c 18 cm.
|
| 541 |
|
|
|e 8715
|
| 650 |
|
0 |
|a Mafia
|v Fiction.
|9 19992
|
| 852 |
0 |
|
|a Savar Campus Library
|c General Shelf
|
| 942 |
|
|
|2 ddc
|c BK
|
| 999 |
|
|
|c 37678
|d 37678
|
| 952 |
|
|
|0 0
|1 0
|2 ddc
|4 0
|6 813_000000000000000__54_PUZ
|7 0
|9 59316
|a SCL
|b SCL
|c GEN
|d 2016-07-18
|e Tajin Boi Gar
|g 120.00
|l 12
|m 65
|o 813.54 PUZ
|p 3020008715
|r 2024-12-12
|s 2024-12-07
|t 1
|w 2016-07-18
|y BK
|
| 952 |
|
|
|0 0
|1 0
|2 ddc
|4 0
|6 813_000000000000000__54_PUZ
|7 0
|9 59516
|a SCL
|b SCL
|c FIC
|d 2016-08-07
|g 70.00
|l 10
|m 57
|o 813.54 PUZ
|p 3020008751
|r 2020-03-10
|s 2020-01-16
|t 2
|w 2016-08-07
|y BK
|